Statistiques concernant Paroles - Jefe - Ninho

Cliquez ici pour prendre le quiz!

Statistiques générales

  • Ce quiz a été pris 171 fois
  • Le résultat moyen est 225 sur 382

Statistiques - réponses

Paroles% Correct
à
94%
a
94%
je
94%
Je
94%
je-je
94%
le
94%
91%
là,
91%
la
91%
La
91%
de
90%
Jefe,
88%
Jefe
88%
dans
86%
toujours
86%
j'ai
85%
J'ai
85%
on
84%
On
84%
jalousie
81%
rêvé
81%
du
80%
ce
78%
d'être
78%
face
78%
que
78%
ma
77%
qui
77%
pas
76%
C'est
72%
c'est
72%
l'top
71%
l'top,
71%
sur
71%
sûr
71%
des
70%
pour
70%
y
70%
fait
69%
les
69%
Dieu
67%
Bébé,
66%
dehors
66%
un
66%
chose
65%
peu
65%
bénéf'
63%
confort,
62%
jours,
62%
j'peux
62%
sourd,
62%
sourd
62%
seule
61%
tous
60%
ça,
58%
Ça
58%
ça
58%
juteux,
58%
plans
58%
prix
58%
t'aimer
58%
trop
58%
blessé
57%
blouson
57%
trône
57%
changé,
56%
ai
54%
l'bon
54%
four,
53%
mon
52%
parle
52%
près
52%
51%
peut-être
51%
qu'on
51%
arrivera
50%
d'la
50%
est
50%
Tout
50%
tout
50%
mieux
49%
sort,
49%
jamais
47%
mais
47%
Mais,
47%
ne
47%
kichta,
46%
n'ai
46%
nuit
46%
s'croise
46%
soir
46%
coûte
44%
Ils
44%
J'suis
44%
j'suis
44%
elle
43%
en
43%
m'adoucie
43%
quand
43%
rien
43%
travaillé
43%
faire
42%
l'argent
42%
l'argent,
42%
nique
42%
plaques
42%
qu'aura
42%
quelque
42%
super
42%
trois
42%
binks
41%
cardio,
41%
méchant
41%
aimé
39%
dormir
39%
Champs-Élysées,
38%
gagner
38%
sans
38%
travailler
38%
travaillerai
38%
vie
38%
n'aimais
37%
qualité,
37%
apprendre
36%
différence,
36%
suis
36%
Igo,
35%
sont
35%
cramé,
34%
irais
34%
J'm'en
34%
m'pé-ta,
34%
remplis
34%
d'l'argent
33%
endormi
31%
n'voulais
31%
Chef,
30%
pétard,
30%
train
30%
J'n'ai
29%
Johnny,
29%
j't'éteins
29%
bien
28%
n'me
28%
théâtre
28%
d'apprendre
27%
j'les
27%
n'vais
27%
bordel
26%
choses
26%
eh
26%
eh,
26%
J'apprends
26%
hey
24%
une
23%
as-p
21%
l'destin
21%
mal
21%
après
20%
chefs
18%
d'ces-vi,
18%
devient
18%
oui,
18%
Sauf
18%
bienfaisance,
16%
œuvre
16%
Oh
16%
d'dos,
13%

Distribution des résultats

Percentile par nombre de réponses

% des personnes avec chaque résultat

Votre développement - résultats

Vous n’avez pas pris ce quiz